[Event "East Detroit (MEX/4)"]
[Site "?"]
[Date "1987.??.??"]
[Round "?"]
[White "Haluska, James"]
[Black "Stefanski, Mark"]
[Result "1-0"]
[WhiteElo "2110"]
[BlackElo "2030"]
[PlyCount "83"]
[EventDate "1987.??.??"]

1. e4 e5 2. Nf3 f5 3. Nxe5 Qf6 4. d4 d6 5. Nc4 fxe4 6. Nc3 Bf5 7. Ne3 Ne7 8.
Ncd5 Nxd5 9. Nxd5 Qd8 10. c4 Nd7 11. Ne3 Qf6 12. Bd2 Bg6 13. Bc3 Qf7 14. Be2
Be7 15. O-O O-O 16. f4 Qe8 17. Bg4 Nf6 18. Bh3 b5 19. b3 c5 20. d5 b4 21. Bb2
a5 22. Qc2 a4 23. Rae1 axb3 24. axb3 Ra2 25. Ra1 Rxb2 26. Qxb2 Nh5 27. Be6+ Kh8
28. f5 Bf6 29. Qc2 Bxa1 30. Rxa1 Bf7 31. Qxe4 Nf6 32. Qd3 Qe7 33. Nf1 Ng4 34.
Qg3 Qf6 35. Rd1 Bh5 36. h3 Nf2 37. Re1 Nd1 38. Qxd6 Qd4+ 39. Kh2 Ra8 40. Qe5
Qc3 41. d6 Ra2 42. Bd5 1-0

[Event "Lansing (MI Op/3/4)"]
[Site "?"]
[Date "1987.??.??"]
[Round "?"]
[White "Haluska, James"]
[Black "Noren, Kevin"]
[Result "0-1"]
[WhiteElo "2090"]
[BlackElo "2205"]
[PlyCount "102"]
[EventDate "1987.??.??"]

{3/(4)} 1. e4 e6 2. d4 d5 3. Nc3 Bb4 4. e5 c5 5. a3 Bxc3+ 6. bxc3 Ne7 7. Nf3
Nbc6 8. a4 Qa5 9. Qd2 Bd7 10. Be2 Rc8 11. O-O cxd4 12. cxd4 Qxd2 13. Bxd2 Nf5
14. c3 Na5 15. Ne1 Nb3 16. Ra2 Bxa4 17. Bd1 b5 18. Bxb3 Bxb3 19. Rxa7 Bc4 20.
f3 Bxf1 21. Kxf1 O-O 22. Nd3 Ra8 23. Rb7 Rfb8 24. Rc7 Rc8 25. Rb7 Rab8 26. Ra7
Kf8 27. Nb4 h6 28. Kf2 Ne7 29. Ra6 Ra8 30. Rb6 Rcb8 31. Rd6 Ke8 32. g4 Nc8 33.
Rc6 Kd7 34. f4 Ra4 35. Rc5 Na7 36. f5 Rc8 37. Rxc8 Nxc8 38. f6 g5 39. h4 gxh4
40. Bxh6 Ra3 41. Bd2 Nb6 42. Kg2 Na4 43. Kh3 Nxc3 44. Kxh4 Ne4 45. Bh6 Ra1 46.
g5 Rg1 47. Kh5 Nf2 48. Kh4 Rg4+ 49. Kh5 Rg3 50. g6 fxg6+ 51. Kh4 Rg4# 0-1

[Event "Lansing (MI Op/2/14)"]
[Site "?"]
[Date "1987.??.??"]
[Round "?"]
[White "Haluska, James"]
[Black "Kornhauser, M.."]
[Result "1-0"]
[WhiteElo "2090"]
[BlackElo "1760"]
[PlyCount "59"]
[EventDate "1987.??.??"]

{2/(14)} 1. e4 d5 2. exd5 Nf6 3. d4 Nxd5 4. c4 Nf6 5. Nc3 g6 6. Be3 Bg7 7. Nf3
O-O 8. Be2 Bg4 9. h3 Bxf3 10. Bxf3 c6 11. O-O Nbd7 12. Qb3 Qc7 13. Rad1 Rab8
14. Rfe1 Rfe8 15. Be2 Rbd8 16. Qa3 a6 17. b4 e5 18. d5 Bf8 19. c5 cxd5 20. Nxd5
Nxd5 21. Rxd5 Nf6 22. Rxd8 Rxd8 23. Qb3 Nd5 24. Bg5 Be7 25. Bxe7 Nxe7 26. Bc4
Nf5 27. Qf3 Rd4 28. Re4 Qc6 29. Rxd4 Qxf3 30. Rd8+ 1-0

[Event "Lansing (MI Op/5/14)"]
[Site "?"]
[Date "1987.??.??"]
[Round "?"]
[White "Haluska, James"]
[Black "Jarosz, Stan"]
[Result "1/2-1/2"]
[WhiteElo "2090"]
[BlackElo "2015"]
[PlyCount "79"]
[EventDate "1987.??.??"]

{5/(14)} 1. e4 c5 2. Nf3 e6 3. d4 cxd4 4. Nxd4 Nf6 5. Nc3 d6 6. Be2 Be7 7. O-O
O-O 8. f4 a6 9. Kh1 Qc7 10. Qe1 Nc6 11. Be3 Bd7 12. Qg3 Rac8 13. a4 Na5 14. e5
Ne8 15. Rad1 Nc4 16. Bc1 dxe5 17. fxe5 Nxe5 18. Bf4 Bd6 19. Nf3 Nc4 20. Rxd6
Nexd6 21. Rd1 Nxb2 22. Bxd6 Qxc3 23. Be5 Qxe5 24. Qxe5 Nxd1 25. Bxd1 Bxa4 26.
h4 Bxc2 27. Bxc2 Rxc2 28. Qe4 Rc7 29. Ng5 g6 30. Qe5 Rc4 31. Ne4 Rd8 32. Nf6+
Kf8 33. Nxh7+ Kg8 34. Nf6+ Kf8 35. Qg5 Rdd4 36. h5 gxh5 37. Nxh5 Rd5 38. Qg7+
Ke7 39. Qf6+ Kd6 40. Nf4 1/2-1/2

[Event "East Detroit (MEX/3)"]
[Site "?"]
[Date "1987.??.??"]
[Round "?"]
[White "Haluska, James"]
[Black "Gaba, H.."]
[Result "1-0"]
[WhiteElo "2110"]
[BlackElo "1845"]
[PlyCount "87"]
[EventDate "1987.??.??"]

1. e4 e5 2. Nf3 Nc6 3. Bb5 d6 4. d4 Bd7 5. Nc3 Nf6 6. O-O h6 7. Re1 a6 8. Bc4
b5 9. Bf1 Bg4 10. d5 Nd4 11. Be2 Nxe2+ 12. Qxe2 Be7 13. h3 Bd7 14. a4 b4 15.
Nd1 c5 16. b3 Qc8 17. Nb2 O-O 18. Nc4 Ne8 19. Nb6 Qb7 20. Nxa8 Qxa8 21. Nd2 f5
22. f3 f4 23. Nc4 Bd8 24. Bd2 Qc8 25. Rf1 Rf6 26. Be1 Rg6 27. Kh2 Qc7 28. g4 h5
29. Rg1 hxg4 30. hxg4 Qc8 31. Rg2 Nf6 32. Kg1 Nh7 33. Kf1 Ng5 34. Qd3 Nh3 35.
Rd1 Bxg4 36. fxg4 f3 37. Rg3 Nf4 38. Qxf3 Bh4 39. Rg1 Bg5 40. Bf2 Rf6 41. Qg3
Qf8 42. Ke1 Nd3+ 43. Rxd3 Rxf2 44. Qxf2 1-0

[Event "Lansing (MI Op/5/38)"]
[Site "?"]
[Date "1987.??.??"]
[Round "?"]
[White "Halstead, Kevin"]
[Black "Welch, Joseph"]
[Result "1-0"]
[WhiteElo "1805"]
[BlackElo "1605"]
[PlyCount "107"]
[EventDate "1987.??.??"]

{5/(38)} 1. d4 Nf6 2. c4 e6 3. Bg5 Be7 4. Nf3 b6 5. Nc3 Bb7 6. e3 d5 7. Bxf6
Bxf6 8. cxd5 Bxd5 9. Nxd5 Qxd5 10. Qa4+ c6 11. Be2 O-O 12. O-O Nd7 13. Nd2 b5
14. Qc2 Rfc8 15. Bf3 Qd6 16. Ne4 Qe7 17. Nxf6+ Qxf6 18. Rac1 e5 19. Rfd1 Rc7
20. d5 Rd8 21. dxc6 Nb8 22. Rxd8+ Qxd8 23. Qc5 h6 24. Qxb5 a6 25. Qd5 Nd7 26.
Bg4 Qb8 27. Bxd7 Qxb2 28. Qc4 g6 29. g3 Kh7 30. Rc2 Qa3 31. Qb3 Qd6 32. Qxf7+
Kh8 33. Qb3 h5 34. Qc4 Kh7 35. Rb2 Qe7 36. Rb8 Rxd7 37. cxd7 Qxd7 38. Qg8+ Kh6
39. Qf8+ Kg5 40. Qd8+ Qxd8 41. Rxd8 h4 42. Rd5 Kg4 43. Ra5 hxg3 44. hxg3 Kf3
45. Rxa6 e4 46. Rb6 g5 47. a4 g4 48. a5 Ke2 49. a6 Ke1 50. a7 Ke2 51. Rb3 Kf3
52. a8=Q Ke2 53. Kg2 Kd1 54. Qa2 1-0

[Event "Lansing (MI Op/2/29)"]
[Site "?"]
[Date "1987.??.??"]
[Round "?"]
[White "Halstead, Kevin"]
[Black "Ward, Tom"]
[Result "0-1"]
[WhiteElo "1805"]
[BlackElo "1965"]
[PlyCount "73"]
[EventDate "1987.??.??"]

{2/(29)} 1. d4 Nf6 2. Nf3 e6 3. g3 d5 4. Bg2 Bd6 5. O-O O-O 6. Bg5 Nbd7 7. Nbd2
h6 8. Bxf6 Nxf6 9. Re1 b6 10. Ne5 c5 11. c3 Bb7 12. e3 Qc7 13. Ndf3 Rad8 14.
Rc1 Qb8 15. Nd3 Nd7 16. Nf4 Rfe8 17. a3 Qa8 18. Rc2 Bc6 19. Rce2 Bb5 20. Nd3
Qb7 21. Rd2 Qc6 22. Bf1 Nf6 23. Nf4 Ne4 24. Bxb5 Qxb5 25. Rc2 Bb8 26. Nd2 e5
27. Ng2 Rd6 28. Nxe4 dxe4 29. Qe2 Qxe2 30. Rcxe2 f5 31. dxe5 Rxe5 32. Nf4 g5
33. Ng2 Red5 34. Kf1 Kf7 35. Rc2 Rd2 36. Rxd2 Rxd2 37. Re2 $138 0-1

[Event "Lansing (MI Op/6/32)"]
[Site "?"]
[Date "1987.??.??"]
[Round "?"]
[White "Halstead, Kevin"]
[Black "Shaler, S.."]
[Result "1/2-1/2"]
[WhiteElo "1805"]
[BlackElo "1755"]
[PlyCount "60"]
[EventDate "1987.??.??"]

{6/(32)} 1. d4 Nf6 2. c4 g6 3. Nf3 Bg7 4. Nc3 O-O 5. Bd2 d5 6. cxd5 Nxd5 7. Qc1
Nxc3 8. bxc3 c5 9. Bh6 cxd4 10. Bxg7 Kxg7 11. cxd4 Nc6 12. e3 Bf5 13. Be2 Qa5+
14. Nd2 Kg8 15. O-O Qd8 16. Qb2 Rb8 17. Rfc1 e5 18. dxe5 Nxe5 19. Rd1 Qf6 20.
Nc4 Ng4 21. Qxf6 Nxf6 22. Nd6 Be6 23. Bc4 Bxc4 24. Nxc4 Ne4 25. f3 Nc5 26. Kf2
Rfd8 27. Ke2 Na4 28. Rxd8+ Rxd8 29. Rc1 Rc8 30. Rc2 b5 1/2-1/2

[Event "Hazel Park (MCO/1/43)"]
[Site "?"]
[Date "1987.??.??"]
[Round "?"]
[White "Haley, J.."]
[Black "Purdy, B.."]
[Result "0-1"]
[WhiteElo "1605"]
[BlackElo "1830"]
[PlyCount "32"]
[EventDate "1987.??.??"]

{1/(43)} 1. Nf3 Nf6 2. g3 g6 3. Bg2 Bg7 4. O-O d5 5. d3 b6 6. c4 Bb7 7. Qc2 c5
8. cxd5 Nxd5 9. Nc3 O-O 10. e4 Nb4 11. Qb3 Qxd3 12. e5 Bxf3 13. Bxf3 Qxf3 14.
Re1 Nd3 15. Re3 Qxf2+ 16. Kh1 Qf1# 0-1

[Event "Hazel Park (MCO/3/51)"]
[Site "?"]
[Date "1987.??.??"]
[Round "?"]
[White "Haley, J.."]
[Black "Nikitin, Mike"]
[Result "0-1"]
[WhiteElo "1605"]
[BlackElo "1605"]
[PlyCount "102"]
[EventDate "1987.??.??"]

{3/(51)} 1. g3 e6 2. Nf3 d5 3. Bg2 c5 4. c4 Nf6 5. O-O Nc6 6. e3 dxc4 7. Qa4
Rb8 8. Nc3 a6 9. Ne5 Qa5 10. Nxc6 Qxa4 11. Nxa4 bxc6 12. Bxc6+ Bd7 13. Bxd7+
Nxd7 14. Rd1 Ne5 15. f4 Nd3 16. Kf1 Be7 17. b3 cxb3 18. axb3 Rxb3 19. Ba3 O-O
20. Rdb1 Rfb8 21. Rxb3 Rxb3 22. Ke2 Bf6 23. Ra2 c4 24. Nc5 Be7 25. Nxb3 cxb3
26. Ra1 b2 27. Rb1 Nc1+ 28. Rxc1 bxc1=Q 29. Bxc1 Kf8 30. Kd3 Ke8 31. Kc3 Kd7
32. Bb2 Kc6 33. Kb3 f6 34. Ba3 Bxa3 35. Kxa3 Kb5 36. e4 Kc4 37. Kb2 Kd3 38. e5
fxe5 39. fxe5 Kxd2 40. Kb3 Kd3 41. Kb4 Kd4 42. Ka5 Kxe5 43. Kxa6 Kd4 44. h4 h5
45. Kb6 e5 46. Kc6 e4 47. Kd6 e3 48. Ke6 e2 49. Kf7 e1=Q 50. Kxg7 Qxg3+ 51. Kh6
Qg4 0-1

[Event "Hazel Park (MCO/4/52)"]
[Site "?"]
[Date "1987.??.??"]
[Round "?"]
[White "Haley, J.."]
[Black "Brewer, R.."]
[Result "0-1"]
[WhiteElo "1605"]
[BlackElo "1605"]
[PlyCount "54"]
[EventDate "1987.??.??"]

{4/(52)} 1. g3 Nf6 2. Bg2 c6 3. Nf3 d5 4. b3 g6 5. Bb2 Bg7 6. O-O O-O 7. d3 Re8
8. e4 dxe4 9. dxe4 Nxe4 10. Nd4 c5 11. Bxe4 cxd4 12. Qd3 Nc6 13. a3 Qc7 14. Qc4
Be6 15. Bd5 Bxd5 16. Qxd5 Rad8 17. Qc4 Rd6 18. b4 Qd7 19. Nd2 Ne5 20. Qe2 Qh3
21. Nf3 Ng4 22. Kh1 e5 23. Rg1 e4 24. Rg2 exf3 25. Qxf3 Rde6 26. Rag1 Re1 27.
Qxb7 Rxg1+ 0-1

[Event "Lansing (MI Op/2/8)"]
[Site "?"]
[Date "1987.??.??"]
[Round "?"]
[White "Hahn, David"]
[Black "Wysocki, Jason"]
[Result "1-0"]
[WhiteElo "2170"]
[BlackElo "1930"]
[PlyCount "124"]
[EventDate "1987.??.??"]

{2/(8)} 1. c4 e5 2. Nc3 d6 3. d4 exd4 4. Qxd4 Nc6 5. Qd1 f5 6. Nf3 Nf6 7. g3
Be7 8. Bg2 O-O 9. O-O Ne5 10. b3 c6 11. Bb2 Qc7 12. Qc2 Bd7 13. Rad1 Ng6 14. e3
h5 15. h4 Ng4 16. Ne2 Rf7 17. Nf4 Nxf4 18. exf4 Rd8 19. Rd2 Bc8 20. Rfd1 Rff8
21. Bh3 b6 22. Ng5 Bf6 23. Bxf6 gxf6 24. Nf3 c5 25. Bg2 Rfe8 26. Nh2 Kg7 27.
Rd3 Bb7 28. Bxb7 Qxb7 29. Nxg4 hxg4 30. Rd5 Re4 31. Rxf5 Rde8 32. Rfd5 R8e6 33.
Qd3 a6 34. Kh2 Re2 35. Rf1 Rxa2 36. Qf5 Ree2 37. Qxg4+ Kf8 38. Kg1 Qe7 39. Rh5
Qg7 40. Qf3 b5 41. cxb5 axb5 42. Qd5 Rad2 43. Qf3 Qg6 44. Rd5 Ke7 45. Rxd2 Rxd2
46. Qe3+ Kd7 47. Qxd2 c4 48. bxc4 bxc4 49. Rc1 Qe4 50. Qe3 Qc6 51. Qa7+ Ke6 52.
Qe3+ Kf7 53. f5 d5 54. Re1 Qd7 55. Qe6+ Qxe6 56. fxe6+ Ke7 57. h5 d4 58. Re4 d3
59. Rxc4 Kxe6 60. Rd4 Kf5 61. Rxd3 Kg5 62. Rd5+ f5 1-0

[Event "Lansing (MI Op/3/1)"]
[Site "?"]
[Date "1987.??.??"]
[Round "?"]
[White "Hahn, David"]
[Black "Wygrecki, J.."]
[Result "1-0"]
[WhiteElo "2170"]
[BlackElo "2275"]
[PlyCount "119"]
[EventDate "1987.??.??"]

{3/(1)} 1. d4 Nf6 2. c4 g6 3. Nc3 Bg7 4. e4 d6 5. f3 Nc6 6. Nge2 e5 7. d5 Na5
8. Ng3 c5 9. Bd3 O-O 10. Bg5 h6 11. Be3 Bd7 12. Qd2 Kh7 13. h4 Rg8 14. Nge2 a6
15. g4 Ne8 16. Ng3 Rb8 17. Bg5 f6 18. Be3 b5 19. b3 bxc4 20. Bxc4 Nxc4 21. bxc4
Rb4 22. Qd3 Nc7 23. h5 g5 24. O-O Na8 25. a3 Rb6 26. Rfb1 Qc7 27. Rxb6 Nxb6 28.
Nf5 Rb8 29. Rb1 Bf8 30. Bd2 Be8 31. Rb2 Nc8 32. Nd1 Rxb2 33. Nxb2 Qb7 34. Qc3
Bd7 35. Kf2 Be7 36. Ke2 Bd8 37. Qc2 Be8 38. Kd3 Bc7 39. Qc3 a5 40. Qc2 a4 41.
Nxa4 Qa6 42. Nc3 Qxa3 43. Qa2 Qxa2 44. Nxa2 Bd7 45. Nc3 Na7 46. Kc2 Be8 47. Kb3
Bd7 48. Be3 Be8 49. Na4 Nc8 50. Nxc5 dxc5 51. Bxc5 Bd7 52. Kb4 Bxf5 53. gxf5
Kg8 54. Kb5 Kf7 55. Kc6 Ba5 56. d6 Bd8 57. Kb7 Nxd6+ 58. Bxd6 Ke8 59. Kc8 Ba5
60. Ba3 1-0

[Event "Lansing (MI Op/5/7)"]
[Site "?"]
[Date "1987.??.??"]
[Round "?"]
[White "Hahn, David"]
[Black "Wilson, Vester"]
[Result "1-0"]
[WhiteElo "2170"]
[BlackElo "2065"]
[PlyCount "81"]
[EventDate "1987.??.??"]

{5/(7)} 1. e4 c5 2. d3 Nf6 3. g3 d5 4. Nd2 Bg4 5. f3 Bd7 6. Bg2 e5 7. Nh3 Nc6
8. Nf2 Be6 9. c3 d4 10. c4 Qd7 11. f4 exf4 12. gxf4 Qd8 13. O-O Qc7 14. e5 Nd7
15. Nfe4 Bf5 16. a3 Be7 17. Qe2 O-O-O 18. b4 cxb4 19. axb4 Bxb4 20. Ba3 Bxe4
21. Nxe4 Bxa3 22. Rxa3 Kb8 23. Rb1 Nb6 24. c5 Nd5 25. Nd6 Nc3 26. Rxc3 dxc3 27.
Rxb7+ Qxb7 28. Nxb7 Kxb7 29. d4 a6 30. Qe4 Rc8 31. d5 Na7 32. d6+ Rc6 33. Qc4
Rhc8 34. Qxc3 Kb8 35. Bxc6 Rxc6 36. f5 g6 37. e6 fxe6 38. fxe6 Nb5 39. Qa5 Nxd6
40. cxd6 Rxd6 41. e7 1-0

[Event "Lansing (MI Op/7/1)"]
[Site "?"]
[Date "1987.??.??"]
[Round "?"]
[White "Hahn, David"]
[Black "Thompson, Dexter"]
[Result "1-0"]
[WhiteElo "2170"]
[BlackElo "2245"]
[PlyCount "109"]
[EventDate "1987.??.??"]

{7/(1)} 1. g3 d5 2. Bg2 Nf6 3. Nf3 c6 4. b3 Bf5 5. Bb2 e6 6. c4 Nbd7 7. O-O h6
8. d4 Bd6 9. Nbd2 O-O 10. Ne5 Bxe5 11. dxe5 Ng4 12. h3 Ngxe5 13. f4 Nxc4 14.
Nxc4 dxc4 15. e4 Bh7 16. bxc4 Nc5 17. Qxd8 Rfxd8 18. f5 exf5 19. exf5 Rd2 20.
Ba3 Nd7 21. g4 Ne5 22. c5 Rad8 23. Bb4 R2d7 24. Ba5 Re8 25. Rfd1 f6 26. Rd6
Rde7 27. Bd8 Rd7 28. Ba5 Rxd6 29. cxd6 b6 30. Bc3 c5 31. Bxe5 fxe5 32. d7 Rd8
33. Bd5+ Kf8 34. Be6 Ke7 35. Re1 g6 36. Rxe5 Kf6 37. Rd5 gxf5 38. gxf5 Bg8 39.
Bxg8 Rxg8+ 40. Kf2 Rd8 41. Kf3 Ke7 42. Kf4 Rxd7 43. Re5+ Kf7 44. Re6 Rd2 45.
Rxh6 Rxa2 46. Rc6 Rf2+ 47. Kg5 Rg2+ 48. Kf4 Rh2 49. Kg5 Rxh3 50. Rc7+ Ke8 51.
Rxa7 c4 52. Rb7 Rb3 53. f6 c3 54. f7+ Kf8 55. Kf6 1-0

[Event "East Detroit (MEX/1)"]
[Site "?"]
[Date "1987.??.??"]
[Round "?"]
[White "Hahn, David"]
[Black "Stefanski, Mark"]
[Result "1-0"]
[WhiteElo "2160"]
[BlackElo "2030"]
[PlyCount "75"]
[EventDate "1987.??.??"]

1. Nf3 e6 2. e4 d5 3. Nc3 Nf6 4. Qe2 Bb4 5. e5 Nfd7 6. g3 c5 7. Bg2 Nc6 8. O-O
f6 9. exf6 Nxf6 10. Bh3 Qe7 11. Ne5 Nd4 12. Qd1 Ba5 13. Ne2 Nc6 14. f4 Bc7 15.
Nxc6 bxc6 16. c4 O-O 17. d3 e5 18. f5 a5 19. Nc3 Ba6 20. b3 Rad8 21. Qe2 Rfe8
22. Ba3 Bd6 23. Bg2 e4 24. dxe4 Nxe4 25. Nxe4 dxe4 26. Rae1 Be5 27. Qxe4 Bd4+
28. Kh1 Qxe4 29. Rxe4 Rxe4 30. Bxe4 Rd6 31. Kg2 Kf7 32. Bc1 Bc3 33. Bf4 Rd4 34.
Bxc6 Bc8 35. h4 Rd3 36. Bd5+ Kf6 37. g4 Be5 38. Bg5# 1-0

[Event "East Detroit (MEX/2)"]
[Site "?"]
[Date "1987.??.??"]
[Round "?"]
[White "Hahn, David"]
[Black "Finegold, Ben"]
[Result "1/2-1/2"]
[WhiteElo "2160"]
[BlackElo "2465"]
[PlyCount "105"]
[EventDate "1987.??.??"]

1. e4 c5 2. d3 Nc6 3. g3 g6 4. Bg2 Bg7 5. Ne2 e5 6. c4 d6 7. Nbc3 f5 8. f4 Nf6
9. O-O O-O 10. Rb1 Be6 11. Nd5 Qd7 12. a3 fxe4 13. dxe4 Bg4 14. Be3 Rae8 15.
Qd3 Bxe2 16. Nxf6+ Bxf6 17. Qxe2 exf4 18. gxf4 Bd4 19. Bxd4 Nxd4 20. Qd2 Qg4
21. Rbe1 Re7 22. Kh1 Kg7 23. Qe3 Ref7 24. e5 Nc2 25. Qe2 Qxe2 26. Rxe2 Nd4 27.
Re4 dxe5 28. Rxe5 b6 29. Bd5 Rxf4 30. Rxf4 Rxf4 31. Re7+ Kh6 32. Rxa7 Rf1+ 33.
Kg2 Rb1 34. b4 cxb4 35. axb4 Rxb4 36. Bg8 Rb2+ 37. Kf1 Kg5 38. Rxh7 Nf3 39. h3
Kf4 40. Bd5 Nd2+ 41. Ke1 Ke3 42. Re7+ Kd3 43. Re6 g5 44. Re5 Nxc4 45. Bxc4+
Kxc4 46. Rxg5 b5 47. Kd1 b4 48. Rg3 Rb3 49. Rg4+ Kb5 50. Kc2 Rxh3 51. Rg8 Rh2+
52. Kb3 Rh3+ 53. Kb2 1/2-1/2

[Event "Lansing (MI Op/3/39)"]
[Site "?"]
[Date "1987.??.??"]
[Round "?"]
[White "Haakonstad, Olaf"]
[Black "Welch, Joseph"]
[Result "1-0"]
[WhiteElo "1805"]
[BlackElo "1605"]
[PlyCount "45"]
[EventDate "1987.??.??"]

{3/(39)} 1. e4 c5 2. Nc3 Nc6 3. g3 g6 4. Bg2 Bg7 5. d3 Nf6 6. Nge2 d6 7. O-O
O-O 8. h3 Bd7 9. Be3 a6 10. Qd2 Qc8 11. Kh2 b5 12. Bh6 e6 13. Bxg7 Kxg7 14. Nd1
d5 15. exd5 exd5 16. Nf4 Be6 17. Nc3 Rd8 18. Nxe6+ fxe6 19. Rae1 b4 20. Na4 Rb8
21. Nxc5 Rd6 22. d4 Nd7 23. Nxe6+ 1-0

[Event "Hazel Park (MCO/5/25)"]
[Site "?"]
[Date "1987.??.??"]
[Round "?"]
[White "Haakonstad, Olaf"]
[Black "Rosecrans, R.."]
[Result "1-0"]
[WhiteElo "1835"]
[BlackElo "1655"]
[PlyCount "61"]
[EventDate "1987.??.??"]

{5/(25)} 1. e4 c5 2. Nc3 d6 3. g3 Nc6 4. Bg2 Nf6 5. d3 g6 6. Nge2 Bg7 7. O-O a6
8. h3 Bd7 9. Be3 Qc7 10. Qd2 h5 11. f4 O-O-O 12. a4 Rdg8 13. Nd1 Rh7 14. Nf2
Ne8 15. c3 f5 16. d4 h4 17. dxc5 hxg3 18. Nxg3 fxe4 19. Ngxe4 Bf6 20. cxd6 Nxd6
21. Nxf6 exf6 22. Bc5 Nf5 23. Ne4 Qd8 24. Rad1 g5 25. Rf3 gxf4 26. Qxf4 Rxg2+
27. Kxg2 Rg7+ 28. Kh1 Ne5 29. Rf2 Qg8 30. Kh2 Kb8 31. Nxf6 1-0

[Event "Hazel Park (MCO/3/27)"]
[Site "?"]
[Date "1987.??.??"]
[Round "?"]
[White "Haakonstad, Olaf"]
[Black "Robinson, Dave"]
[Result "1-0"]
[WhiteElo "1835"]
[BlackElo "1645"]
[PlyCount "71"]
[EventDate "1987.??.??"]

{3/(27)} 1. e4 c5 2. Nc3 e6 3. g3 Nc6 4. Bg2 Nf6 5. d3 Be7 6. Nge2 d5 7. exd5
Nxd5 8. Bd2 Bf6 9. O-O O-O 10. Rb1 Nxc3 11. Nxc3 Bg5 12. Ne4 Bxd2 13. Qxd2 Qe7
14. Qe3 Nb4 15. c3 Na6 16. Rfe1 Rb8 17. Rbd1 b6 18. d4 Bb7 19. dxc5 Nxc5 20.
Nxc5 Bxg2 21. Nd7 Bc6 22. Nxb8 Rxb8 23. Rd4 Rd8 24. Red1 Rxd4 25. Qxd4 g6 26.
Qd8+ Qxd8 27. Rxd8+ Kg7 28. Rc8 Bf3 29. Rc7 a5 30. Ra7 Be2 31. f4 Bd3 32. b3
Bb1 33. a3 Ba2 34. b4 axb4 35. cxb4 Bc4 36. a4 1-0

[Event "Lansing (MI Op/5/34)"]
[Site "?"]
[Date "1987.??.??"]
[Round "?"]
[White "Haakonstad, Olaf"]
[Black "Owens, James"]
[Result "0-1"]
[WhiteElo "1805"]
[BlackElo "1910"]
[PlyCount "144"]
[EventDate "1987.??.??"]

{5/(34)} 1. e4 c5 2. Nc3 Nc6 3. g3 g6 4. Bg2 Bg7 5. d3 Nf6 6. Nge2 O-O 7. Be3
d6 8. h3 Rb8 9. O-O b5 10. Qd2 b4 11. Nd1 Be6 12. Bh6 Ne5 13. Bxg7 Kxg7 14. f4
Nc6 15. Ne3 Bd7 16. f5 Ne5 17. g4 Qb6 18. g5 Nh5 19. f6+ exf6 20. gxf6+ Kh8 21.
Nd5 Qd8 22. Qh6 Rg8 23. Kh2 Qf8 24. Qe3 Nc6 25. d4 c4 26. Rf2 Be6 27. Nc7 Qd8
28. Nxe6 fxe6 29. Raf1 Qb6 30. c3 e5 31. Rf3 Rgf8 32. f7 Kg7 33. Qd2 Rb7 34. d5
Nd8 35. Ng3 Nxg3 36. Kxg3 bxc3 37. Qxc3 Rbxf7 38. R1f2 Rxf3+ 39. Bxf3 Qb5 40.
Qa3 Qb6 41. Rc2 Nf7 42. h4 Rc8 43. Kg2 Rc5 44. Qc3 Rc7 45. b3 Qd4 46. bxc4 Qxc3
47. Rxc3 Nd8 48. Be2 Nb7 49. Ra3 Nc5 50. Kf3 a6 51. Re3 Rf7+ 52. Kg3 Rf4 53.
Bf3 Kf6 54. Bg2 Ke7 55. Bf3 Kd7 56. Bg4+ Kc7 57. Bf3 Kb6 58. a3 a5 59. Bg2 a4
60. Bf3 Nd7 61. Re1 Nf6 62. Rb1+ Kc5 63. Rb5+ Kxc4 64. Rb4+ Kd3 65. Rxa4 Ke3
66. Ra6 Rxf3+ 67. Kg2 Nxe4 68. Rb6 Kf4 69. a4 Rf2+ 70. Kg1 Ra2 71. Rb4 Kf5 72.
Rc4 Nc5 0-1

[Event "Hazel Park (MCO/1/36)"]
[Site "?"]
[Date "1987.??.??"]
[Round "?"]
[White "Haakonstad, Olaf"]
[Black "Moore, H.."]
[Result "1-0"]
[WhiteElo "1835"]
[BlackElo "1605"]
[PlyCount "89"]
[EventDate "1987.??.??"]

{1/(36)} 1. e4 c5 2. Nc3 Nc6 3. g3 g6 4. Bg2 Bg7 5. d3 d6 6. Be3 Bd7 7. Nge2
Nf6 8. O-O O-O 9. Qd2 Ng4 10. Bg5 h6 11. Be3 Nxe3 12. fxe3 e6 13. Rad1 a6 14.
d4 cxd4 15. exd4 Qb6 16. Na4 Qa7 17. Kh1 b5 18. Nac3 b4 19. Nb1 a5 20. c3 Rab8
21. d5 Ne5 22. dxe6 Nc4 23. exf7+ Kh7 24. Qd5 Ne3 25. Qxd6 Nxd1 26. Rxd1 Rxf7
27. Nf4 Rb6 28. Qc5 Bg4 29. Rd3 Rd7 30. Rxd7 Qxd7 31. Qxb6 Qd1+ 32. Qg1 Qc2 33.
h3 Bd1 34. cxb4 axb4 35. Qb6 Bh5 36. Nxh5 Qd1+ 37. Kh2 Qxh5 38. Qxb4 Be5 39.
Qe7+ Bg7 40. Nc3 g5 41. Nd5 Kg6 42. Qe6+ Kh7 43. Qe7 Kg6 44. Qe8+ Kh7 45. Qxh5
1-0

[Event "Lansing (MI Op/1a/10)"]
[Site "?"]
[Date "1987.??.??"]
[Round "?"]
[White "Haakonstad, Olaf"]
[Black "Kebrdle, M.."]
[Result "0-1"]
[WhiteElo "1805"]
[BlackElo "2095"]
[PlyCount "70"]
[EventDate "1987.??.??"]

1. e4 c6 2. d4 d5 3. Nc3 dxe4 4. Nxe4 Nf6 5. Ng3 c5 6. Nf3 e6 7. Bd3 Nc6 8.
dxc5 Bxc5 9. O-O O-O 10. a3 Qc7 11. b4 Be7 12. Bb2 a6 13. Re1 b5 14. Ne4 e5 15.
Qd2 Bg4 16. Nxf6+ Bxf6 17. Be4 Bxf3 18. Bxf3 Rad8 19. Qc1 Nd4 20. Be4 Rc8 21.
c3 Nb3 22. Qc2 Nxa1 23. Bxh7+ Kh8 24. Qf5 Qc4 25. g3 g6 26. Qh3 Kg7 27. Bc1 Bh4
28. g4 Qxc3 29. Bh6+ Kxh7 30. Re3 Qc1+ 31. Kg2 Qc6+ 32. Rf3 Kxh6 33. Qxh4+ Kg7
34. g5 Rh8 35. Qg3 Qe4 0-1

[Event "Allendale (MI Am/1/17)"]
[Site "?"]
[Date "1987.??.??"]
[Round "?"]
[White "Grzegorczyk, Ron"]
[Black "Scott, M.."]
[Result "1/2-1/2"]
[WhiteElo "1655"]
[BlackElo "1605"]
[PlyCount "93"]
[EventDate "1987.??.??"]

{1/(17)} 1. e4 c5 2. Nf3 a6 3. Nc3 d6 4. d3 Nc6 5. Be3 Nf6 6. Be2 e5 7. O-O Be7
8. Nd2 Be6 9. f4 exf4 10. Bxf4 Nd4 11. Nf3 Nxe2+ 12. Qxe2 O-O 13. Nd1 Nh5 14.
Bd2 Nf6 15. Ne3 Rc8 16. Bc3 b5 17. b3 Qc7 18. Bb2 d5 19. e5 Nd7 20. d4 f6 21.
c4 bxc4 22. bxc4 fxe5 23. dxe5 d4 24. Nd5 Qd8 25. Nd2 Rb8 26. Nb3 Re8 27. Ba3
Bf8 28. Qh5 Bxd5 29. cxd5 Rxe5 30. Qf7+ Kh8 31. Rae1 Rxe1 32. Rxe1 c4 33. Bxf8
Qxf8 34. Qxd7 cxb3 35. axb3 d3 36. Qa4 d2 37. Rd1 Qc5+ 38. Kh1 Qxd5 39. Qxa6
Qxb3 40. Qe2 Qa2 41. h3 h6 42. Rxd2 Qb1+ 43. Kh2 Qg6 44. Rd7 Re8 45. Qb5 Rf8
46. Qd5 Qf6 47. Qd4 1/2-1/2

[Event "Allendale (MI Am/3/15)"]
[Site "?"]
[Date "1987.??.??"]
[Round "?"]
[White "Grzegorczyk, Ron"]
[Black "Keeley, G.."]
[Result "0-1"]
[WhiteElo "1655"]
[BlackElo "1605"]
[PlyCount "56"]
[EventDate "1987.??.??"]

{3/(15)} 1. e4 e5 2. Nf3 Nc6 3. Bb5 a6 4. Ba4 Nf6 5. O-O b5 6. Bb3 Be7 7. Re1
O-O 8. Nc3 Na5 9. Nxe5 c5 10. Bxf7+ Rxf7 11. Nxf7 Kxf7 12. e5 Ne8 13. Qf3+ Kg8
14. a4 Bb7 15. Qg4 b4 16. Ne2 Nc6 17. d4 cxd4 18. Nxd4 Nxd4 19. Qxd4 d6 20.
Qxb4 Qd7 21. exd6 Bxd6 22. Qc4+ Kh8 23. Bd2 Bd5 24. Qd3 Nf6 25. c4 Bb7 26. Kh1
Ng4 27. c5 Nxf2+ 28. Kg1 Nxd3 0-1

[Event "Allendale (MI Am/4/16)"]
[Site "?"]
[Date "1987.??.??"]
[Round "?"]
[White "Grzegorczyk, Ron"]
[Black "Dannis, C.."]
[Result "0-1"]
[WhiteElo "1655"]
[BlackElo "1605"]
[PlyCount "74"]
[EventDate "1987.??.??"]

{4/(16)} 1. e4 e5 2. Nf3 Nc6 3. Bb5 f5 4. d3 Bb4+ 5. c3 Bd6 6. O-O Nf6 7. exf5
a6 8. Bxc6 dxc6 9. Nxe5 Bxf5 10. Re1 O-O 11. Bg5 h6 12. Bh4 g5 13. Bxg5 hxg5
14. g4 Bh7 15. Qb3+ Nd5 16. c4 Qf6 17. Re2 Bxe5 18. Nd2 Nf4 19. c5+ Kg7 20. Re3
Bd4 21. Rf3 Qe5 22. Qxb7 Rab8 23. Qxc6 Rxb2 24. Ne4 Ne2+ 25. Kg2 Nf4+ 26. Kf1
Bxe4 27. dxe4 Rxf2+ 28. Rxf2 Bxf2 29. Rd1 Bd4 30. Qd7+ Kg8 31. Rxd4 Ne6+ 32.
Kg2 Nxd4 33. a4 Ne6 34. c6 Nf4+ 35. Kg3 Ne2+ 36. Kg2 Qxe4+ 37. Kh3 Qf3# 0-1

[Event "Hazel Park (MCO/3/43)"]
[Site "?"]
[Date "1987.??.??"]
[Round "?"]
[White "Griffin, John"]
[Black "Turner, Darrell"]
[Result "1-0"]
[WhiteElo "1620"]
[BlackElo "1605"]
[PlyCount "35"]
[EventDate "1987.??.??"]

{3/(43)} 1. d4 d5 2. c4 dxc4 3. Nf3 Bg4 4. h3 Bd7 5. e4 Nf6 6. Nc3 Nc6 7. Bxc4
e6 8. e5 Nh5 9. O-O Bb4 10. Be2 Ba5 11. Ng5 h6 12. Nxf7 Qe7 13. Bxh5 Bb6 14.
Nxh8+ Kd8 15. Be3 Qh4 16. Qf3 Nxd4 17. Qf8+ Be8 18. Qxe8# 1-0